| 000 | 00517nam a2200169Ia 4500 | ||
|---|---|---|---|
| 005 | 20240823042715.0 | ||
| 008 | 240823s9999||||xx |||||||||||||| ||und|| | ||
| 020 | _a1 | ||
| 041 | _aENGLISH | ||
| 082 | _A620.5 P7 | ||
| 100 | _aNoorul Islam College of Engineering | ||
| 245 | 0 | _aProceedings of Second International Conference (EAST-2007) Vol 1Emerging Adaptive Systems and TEchnologies | |
| 260 |
_c2007 _bEast-200 |
||
| 500 | _aTRANSFERED | ||
| 650 |
_aEmerging Adaptive Systems _bNano Technology |
||
| 942 | _cBK | ||
| 999 |
_c208499 _d208499 |
||